Lecturas medievales españolas
Guardat en:
| Autor principal: | |
|---|---|
| Format: | Llibre |
| Idioma: | espanyol |
| Publicat: |
Santiago
Zig-Zag
1957
|
| Edició: | 4a. ed |
| Col·lecció: | Biblioteca Zig-Zag
|
| Matèries: | |
| Etiquetes: |
Afegir etiqueta
Sense etiquetes, Sigues el primer a etiquetar aquest registre!
|
MARC
| LEADER | 00000nam a2200000 a 4500 | ||
|---|---|---|---|
| 001 | UCT7417 | ||
| 003 | CL-VaPUC | ||
| 008 | 970117e19570000CL |||||||||||||||||spa|d | ||
| 082 | 0 | 4 | |a 860.9 |b SCA |2 21 |
| 100 | 0 | |a Scarpa, Roque Esteban |e author |9 368404 | |
| 245 | 1 | 0 | |a Lecturas medievales españolas |
| 250 | |a 4a. ed | ||
| 300 | |a 681 p | ||
| 942 | |c BK | ||
| 945 | |d 19970117 00:00:00 |a nastorga | ||
| 260 | |a Santiago |b Zig-Zag |c 1957 | ||
| 650 | 0 | |a Literatura medieval |9 266338 | |
| 650 | 0 | |a Historia y crítica |9 257407 | |
| 650 | 7 | |a IDIOMAS |2 CL-VaPUC |9 378366 | |
| 650 | 0 | |a Cultura |9 269059 | |
| 650 | 7 | |a JUGLARES |2 CL-VaPUC |9 377053 | |
| 650 | 0 | |a Poesía |9 265825 | |
| 650 | 0 | |a Métrica |9 378367 | |
| 650 | 0 | |a Romanticismo en la literatura |9 313777 | |
| 650 | 7 | |a TROVADORES |2 CL-VaPUC |9 265489 | |
| 650 | 0 | |a Teatro |9 265385 | |
| 651 | 0 | |a España |9 254926 | |
| 583 | |a last modification |c 19970117 00:00:00 |k Rodrigo Vera | ||
| 490 | 0 | |a Biblioteca Zig-Zag | |
| 999 | |c 256041 |d 256039 | ||
| 952 | |0 0 |1 0 |4 0 |6 860_900000000000000_SCA_1957 |7 0 |8 A |9 278574 |a BIBEDU |b BIBEDU |d 2019-11-19 |i 3271420 |o 860.9 SCA 1957 |p 3271420 |r 2019-11-19 |w 2019-11-19 |y BK |k LIT | ||
| 952 | |0 0 |1 0 |4 0 |6 860_900000000000000_SCA_1957 |7 0 |8 A |9 278575 |a BIBEDU |b BIBEDU |d 2019-11-19 |i 3272443 |o 860.9 SCA 1957 |p 3272443 |r 2019-11-19 |w 2019-11-19 |y BK |k LIT | ||
| 952 | |0 0 |1 0 |4 0 |6 860_900000000000000_SCA_1957 |7 0 |8 A |9 278576 |a BIBEDU |b BIBEDU |d 2019-11-19 |i 3597008 |o 860.9 SCA 1957 |p 3597008 |r 2019-11-19 |w 2019-11-19 |y BK |k LIT | ||